[Event "3rd EIWCh"]
[Site "Varna BUL"]
[Date "2002.06.03"]
[Round "7"]
[White "Zawadzka,J"]
[Black "Calotescu,C"]
[Result "0-1"]
[WhiteElo "2181"]
[BlackElo "2299"]

1.e4 c5 2.Nf3 d6 3.d4 Nf6 4.Nc3 cxd4 5.Nxd4 a6 6.f3 e5 7.Nb3 Be6 8.Be3 Nbd7
9.g4 h6 10.Qd2 Be7 11.O-O-O b5 12.Kb1 Nb6 13.Qf2 Nfd7 14.Nd5 Bxd5 15.exd5 Qc7
16.h4 Nc4 17.Bc1 a5 18.Bd3 O-O 19.Qe2 Ndb6 20.g5 a4 21.Nd2 a3 22.b3 Nxd5
23.Ne4 Nb2 24.Rdf1 Nxd3 25.Qxd3 Nb4 26.Qd2 d5 27.Nf6+ Kh8 28.Rfg1 Rac8 29.Rh2 d4
30.gxh6 gxf6 31.h7 Qxc2+ 32.Qxc2 Rxc2 33.Rxc2 Nxc2 34.Kxc2 Rc8+ 35.Kd3 Kxh7
36.Bd2 f5 37.h5 Rc6 38.h6 Bf8 39.Re1 f6 40.Rh1 f4 41.Rh2 f5 42.Re2 Bd6 43.Rh2 Rc8
44.Rh1 Rg8 45.Ke2 Rg2+ 46.Ke1 e4  0-1

[Event "ch-HUN Gp A"]
[Site "Balatonlelle HUN"]
[Date "2002.06.05"]
[Round "5"]
[White "Sax,G"]
[Black "Cao,S"]
[Result "1/2-1/2"]
[WhiteElo "2566"]
[BlackElo "2502"]

1.e4 c5 2.Nf3 d6 3.d4 cxd4 4.Nxd4 Nf6 5.Nc3 a6 6.Be3 Ng4 7.Bc1 Nf6 8.f3 e5
9.Nb3 Be6 10.Be3 Nbd7 11.Qd2 Qc7 12.g4 h6 13.O-O-O Rc8 14.Kb1 Nb6 15.Qf2 Nc4
16.Bxc4 Qxc4 17.Na5 Qc7 18.Bb6 Qd7 19.Rd3 Be7 20.h4 g6 21.Rhd1 Kf8 22.Qd2 Kg7
23.Nd5 Bxd5 24.exd5 Bd8 25.Rb3 Be7 26.Qe2 Rhe8 27.c4 Bf8 28.Be3 Rc7 29.Qd2 Kh7
30.c5 e4 31.g5 Nh5 32.f4 Rxc5 33.Bxc5 dxc5 34.Rxb7 Qf5 35.Qc2 Nxf4 36.d6 Nd3
37.Nc4 Rd8 38.Ne3 Qf3 39.Rf1 Qxe3 40.Qc4 Bg7 41.Qxf7 Qd4 42.Rf6 Qg1+ 43.Rf1 Qd4
44.h5 Nb4 45.hxg6+ Kh8 46.Qb3 h5 47.a3 Qd3+ 48.Qxd3 Nxd3 49.Rff7 Be5 50.g7+ Kg8
51.Rf8+ Rxf8 52.gxf8=Q+ Kxf8 53.Rb8+ Kg7 54.d7 Bc7 55.Rc8 Bb6 56.Rb8 Bc7
57.Rc8 Bb6  1/2-1/2

[Event "FSIM June"]
[Site "Budapest HUN"]
[Date "2002.06.05"]
[Round "5"]
[White "Kongsted,C"]
[Black "Dub,Z"]
[Result "1/2-1/2"]
[WhiteElo "2213"]
[BlackElo "2297"]

1.e4 c5 2.Nf3 d6 3.d4 cxd4 4.Nxd4 Nf6 5.Nc3 a6 6.f3 e6 7.Be3 b5 8.g4 h6 9.Qd2 Bb7
10.O-O-O Nbd7 11.h4 b4 12.Na4 Qa5 13.b3 Rc8 14.a3 Nc5 15.axb4 Nxb3+ 16.Nxb3 Qxa4
17.Kb2 d5 18.c3 dxe4 19.Ra1 Qd7 20.Qxd7+ Kxd7 21.Rd1+ Kc7 22.Bf4+ Kb6  1/2-1/2

[Event "FSIM June"]
[Site "Budapest HUN"]
[Date "2002.06.10"]
[Round "10"]
[White "Kongsted,C"]
[Black "Alfred,N"]
[Result "1-0"]
[WhiteElo "2213"]
[BlackElo "2246"]

1.e4 c5 2.Nf3 d6 3.d4 cxd4 4.Nxd4 Nf6 5.Nc3 a6 6.f3 e6 7.Be3 b5 8.g4 h6 9.Qd2 Nbd7
10.O-O-O Bb7 11.Bd3 b4 12.Nce2 d5 13.exd5 Nxd5 14.Nf4 Qa5 15.Bc4 O-O-O 16.Nb3 Qc7
17.Nxd5 exd5 18.Bxd5 Be7 19.Qf2 Rhe8 20.Kb1 a5 21.Bxf7 Rf8 22.Bd5 a4 23.Bxb7+ Qxb7
24.Nd4 Ne5 25.Qe2 Rf6 26.f4 Nc6 27.Nf5 b3 28.Nxe7+ Nxe7 29.Rxd8+ Kxd8 30.Rd1+ Kc8
31.Bc5 Rc6 32.Qc4 Qc7 33.axb3 Rxc5 34.Qe6+ Kb8 35.Rd7 Qc6 36.Qxe7 Qh1+ 37.Ka2 axb3+
38.Kxb3 Rb5+ 39.Ka4  1-0

[Event "FSGM June"]
[Site "Budapest HUN"]
[Date "2002.06.11"]
[Round "11"]
[White "Dembo,Y"]
[Black "Vajda,L"]
[Result "0-1"]
[WhiteElo "2363"]
[BlackElo "2535"]

1.e4 c5 2.Nf3 d6 3.d4 cxd4 4.Nxd4 Nf6 5.Nc3 a6 6.f3 e5 7.Nb3 Be6 8.Be3 Nbd7
9.Qd2 b5 10.g4 Nb6 11.Bxb6 Qxb6 12.O-O-O Be7 13.h4 O-O 14.Kb1 b4 15.Nd5 Nxd5
16.exd5 Bd7 17.g5 a5 18.Bh3 Bb5 19.Nc1 f5 20.Bf1 Ba4 21.f4 Rac8 22.b3 Be8
23.fxe5 f4 24.e6 f3 25.Bd3 a4 26.Rdf1 Bh5 27.Rh2 Rc3 28.Rhf2 axb3 29.cxb3 Rfc8
30.Be4 Re3 31.Bc2 Rcc3 32.Rd1 Re5 33.Qd4 Rc5 34.Nd3 Rexd5 35.Qxb4 Rb5 36.Qc3 Rf5
37.Rff1 Rf8 38.Rde1 Bg6 39.Nb2 Bxc2+ 40.Qxc2 Re5 41.Nd3 Ref5 42.Qf2 Qb5 43.Qe3 d5
44.Rc1 d4 45.Qe4 f2 46.Rcd1 Rf3 47.Nb2 R3f4 48.Qd3 Qd5 49.Qc4 Qe4+ 50.Qd3 Qxe6
51.Rd2 Qe1+ 52.Rd1 Qe6 53.Rd2 Qd5 54.Nd1 Qg2 55.Qc4+ Kh8 56.Rc2 Qe4 57.Qe2 Rxh4
58.Rxf2 Rd8 59.Qd2 Qg6 60.Qa5 Rg8 61.Qd5 Bxg5 62.Rf5 h6 63.Qf3 d3 64.Qxd3 Rh1
65.Rd5 Qf6 66.Qe4 Rf1 67.Qg2 Re8 68.Rd7 Rfe1 69.Rd5 Qg6 70.Qf3 Bf6 71.Qd3 Qg1
72.Qf3 Rf1 73.Qh5 Qe3 74.Rc4 Rb8 75.Kc2 Qa7 76.Ra5 Qe7 77.Rac5 Rd8 78.Rc8 Rg1
79.Rxd8+ Qxd8 80.Qf3 Qe8 81.a4 Re1 82.Qd3 Bg5 83.Kb1 Qf8 84.a5 Re8 85.a6 Qa3
86.Rc6 Bf6 87.Rxf6 gxf6 88.Qh3 Qf8 89.Nc3 f5 90.Nd5 Qg7 91.Qxf5 Qd4 92.Ka2 Qd2+  0-1

[Event "3rd IECC"]
[Site "Batumi GEO"]
[Date "2002.06.13"]
[Round "2"]
[White "Aroshidze,L"]
[Black "Kinsic,O"]
[Result "1/2-1/2"]
[WhiteElo "2346"]
[BlackElo "2158"]

1.e4 c5 2.Nf3 d6 3.d4 cxd4 4.Nxd4 Nf6 5.Nc3 a6 6.Be3 Ng4 7.Bc1 Nf6 8.f3 e6
9.Be3 b5 10.g4 Bb7 11.Qd2 Nfd7 12.O-O-O Ne5 13.Bd3 Nbd7 14.Qf2 Rc8 15.Kb1 b4
16.Nce2 d5 17.exd5 Bxd5 18.Nf4 Bb7 19.Rhe1 Qa5 20.Nh5 g6 21.Ng3 Bg7 22.Be4 Bxe4
23.Nxe4 Nc4 24.Nb3 Qc7 25.Bd4 e5 26.Nbc5 O-O 27.Nxd7 exd4 28.Nef6+ Kh8 29.Qxd4 Rfd8
30.g5 Rxd7 31.Qxd7 Na3+ 32.bxa3 Qxc2+ 33.Ka1 Qc3+ 34.Kb1 Qc2+  1/2-1/2

[Event "3rd IECC"]
[Site "Batumi GEO"]
[Date "2002.06.20"]
[Round "8"]
[White "Erdogdu,M"]
[Black "Magalashvili,D"]
[Result "0-1"]
[WhiteElo "2295"]
[BlackElo "2160"]

1.e4 c5 2.Nf3 d6 3.d4 cxd4 4.Nxd4 Nf6 5.Nc3 a6 6.Be3 Ng4 7.Bc1 Nf6 8.f3 Qb6
9.Nb3 e6 10.Qe2 Qc7 11.Be3 b5 12.O-O-O Bb7 13.Qf2 Nfd7 14.Kb1 Nc6 15.Bd3 Be7
16.g4 Rc8 17.g5 Nce5 18.h4 Nc5 19.Nd4 b4 20.Nce2 Nexd3 21.cxd3 e5 22.Nf5 Nxd3
23.Nxg7+ Kf8 24.Rxd3 Qc2+ 25.Ka1 Qxd3 26.Nf5 Rc2 27.Re1 Bc8 28.Nfg3 Be6 29.Qg1 Qc4
30.Kb1 Rxb2+ 31.Kxb2 Qxa2+ 32.Kc1 b3  0-1

[Event "Essent ch-NED"]
[Site "Leeuwarden NED"]
[Date "2002.06.21"]
[Round "2"]
[White "Nijboer,F"]
[Black "Van Wely,L"]
[Result "0-1"]
[WhiteElo "2578"]
[BlackElo "2642"]

1.e4 c5 2.Nf3 d6 3.d4 cxd4 4.Nxd4 Nf6 5.Nc3 a6 6.f3 e6 7.Be3 b5 8.g4 h6 9.Qd2 Nbd7
10.O-O-O Bb7 11.Bd3 Ne5 12.Rhe1 Rc8 13.Kb1 g5 14.h4 gxh4 15.g5 hxg5 16.Bxg5 Be7
17.f4 Nc4 18.Bxc4 Rxc4 19.Qd3 h3 20.Nxe6 fxe6 21.e5 Nd5 22.exd6 Qxd6 23.Qg6+ Kd7
24.Bxe7 Qxe7 25.Nxd5 Bxd5 26.Rxd5+ Kc7 27.f5 h2 28.Qg3+ Kc8 29.Rdd1 Rch4
30.f6 Qc7 31.Qf3 Qb7 32.Qc3+ Rc4 33.Qe5 h1=Q 34.Qxe6+ Kb8 35.Rxh1  0-1

[Event "3rd IECC"]
[Site "Batumi GEO"]
[Date "2002.06.24"]
[Round "12"]
[White "Gurcan,S"]
[Black "Magalashvili,D"]
[Result "1-0"]
[WhiteElo "2283"]
[BlackElo "2160"]

1.e4 c5 2.Nf3 d6 3.d4 cxd4 4.Nxd4 Nf6 5.Nc3 a6 6.f3 Qb6 7.g4 Nc6 8.Nb3 e6
9.Qe2 Qc7 10.Be3 b5 11.O-O-O Bb7 12.h4 Rc8 13.g5 Nd7 14.Qf2 Nce5 15.a3 Qd8
16.Bd4 Nc6 17.Be3 Nce5 18.Bd4 Nc6 19.Be3 Nce5 20.h5 Rxc3 21.bxc3 Qc7 22.Kb2 d5
23.exd5 Bxd5 24.Rxd5 exd5 25.Bd4 Be7 26.h6 Qd6 27.hxg7 Rg8 28.Rxh7 f5 29.Rh8 Kf7
30.Rxg8 Nc4+ 31.Bxc4 bxc4 32.Rh8 Qxa3+ 33.Kb1  1-0

[Event "3rd IECC"]
[Site "Batumi GEO"]
[Date "2002.06.24"]
[Round "12"]
[White "Erdogdu,M"]
[Black "Klerides,P"]
[Result "1-0"]
[WhiteElo "2295"]
[BlackElo "2210"]

1.e4 c5 2.Nf3 d6 3.d4 cxd4 4.Nxd4 Nf6 5.Nc3 a6 6.Be3 Ng4 7.Bc1 Nf6 8.f3 Qb6
9.Nb3 e6 10.Qe2 Nc6 11.g4 Be7 12.Be3 Qc7 13.g5 Nd7 14.O-O-O b5 15.Kb1 Bb7
16.h4 Rc8 17.Qf2 Nce5 18.a3 Nc5 19.Bd4 O-O 20.Qg3 Na4 21.Rh2 Nc6 22.Bf6 d5
23.f4 Nxc3+ 24.Bxc3 dxe4 25.h5 Rfd8 26.Rxd8+ Rxd8 27.g6 fxg6 28.hxg6 h6 29.Qh3 Qxf4
30.Qxe6+ Kh8 31.Be2 Bc8 32.Qf7 Qxf7 33.Rxh6+ Kg8 34.gxf7+ Kxf7 35.Bh5+ Kg8
36.Rxc6 e3 37.Rg6 Bf8 38.Rg3 Bf5 39.Rxe3 g6 40.Rg3 Kf7 41.Bg4 Be4 42.Re3 Bd5
43.Rd3 Be7 44.Bf3 Bxf3 45.Rxf3+ Ke6 46.Nd4+ Kd5 47.Rf7 Bd6 48.Ne2 Rg8 49.Rf3 g5
50.Rd3+ Kc6 51.Nd4+ Kc7 52.Ba5+ Kb7 53.Nxb5 Bh2 54.Rh3 Bf4 55.Nd4 g4 56.Rh7+ Kc8
57.Nc6 Rg5 58.Rf7 Be3 59.Rc7+  1-0

[Event "ch-HUN Semi-Final"]
[Site "Balatonlelle HUN"]
[Date "2002.06.??"]
[Round "4"]
[White "Cao,S"]
[Black "Ruck,R"]
[Result "1/2-1/2"]
[WhiteElo "2502"]
[BlackElo "2569"]

1.e4 c5 2.Nf3 d6 3.d4 cxd4 4.Nxd4 Nf6 5.Nc3 a6 6.f3 Qb6 7.Nb3 e6 8.Qe2 Qc7
9.Be3 b5 10.g4 b4 11.Na4 Nbd7 12.Qf2 Qc6 13.Nb6 Nxb6 14.Bxb6 Nd7 15.Be3 Be7
16.g5 Ne5 17.Na5 Qc7 18.Bb6 Qb8 19.Be3 Qc7 20.Bb6 Qb8 21.Be3 Qc7 22.Bb6  1/2-1/2

[Event "23rd Open"]
[Site "Bled SLO"]
[Date "2002.07.08"]
[Round "7"]
[White "Bruehl,A"]
[Black "Bratovic,B"]
[Result "0-1"]
[WhiteElo "2305"]
[BlackElo "2277"]

1.e4 c5 2.Nf3 d6 3.d4 cxd4 4.Nxd4 Nf6 5.Nc3 a6 6.f3 e6 7.Be3 b5 8.g4 h6 9.Qd2 Nbd7
10.O-O-O Bb7 11.h4 b4 12.Nce2 d5 13.exd5 Nxd5 14.Nf4 Nxe3 15.Qxe3 Qb6 16.Bc4 O-O-O
17.Nd3 Be7 18.Rde1 Bf6 19.Nb3 Qc7 20.Nd2 Nb6 21.Bb3 a5 22.Ne5 a4 23.Nxf7 axb3
24.Nxb3 Bxb2+ 25.Kb1 Nc4 26.Qc5 Bc3 27.Qxc7+ Kxc7 28.Nxd8 Rxd8 29.Rxe6 Bxf3
30.Rf1 Bxg4 31.Re4 Na3+ 32.Kc1 h5 33.Nc5 Rd2 34.Na6+ Kd6 35.Rxg4 Rxc2+ 36.Kd1 Rd2+
37.Kc1 hxg4 38.Rf4 g3 39.Rg4 g2 40.Rg6+ Ke7  0-1

[Event "23rd Open"]
[Site "Bled SLO"]
[Date "2002.07.08"]
[Round "7"]
[White "Borisek,J"]
[Black "Kozul,Z"]
[Result "1/2-1/2"]
[WhiteElo "2341"]
[BlackElo "2588"]

1.e4 c5 2.Nf3 d6 3.d4 cxd4 4.Nxd4 Nf6 5.Nc3 a6 6.f3 e6 7.Be3 Nbd7 8.g4 h6
9.Qd2 Qc7 10.O-O-O Rb8 11.h4 b5 12.Bh3 Ne5 13.g5 Nh5 14.g6 Nxg6 15.f4 b4
16.Nce2 Nf6 17.Ng3 Ne7 18.Rhe1 h5 19.e5 dxe5 20.fxe5 Nfd5 21.Ne4 Qxe5 22.Ng5 Qd6
23.Qf2 f5 24.Ndxe6 Bxe6 25.Ba7 Bg8 26.Bxb8 Qxb8 27.Rxd5 Bxd5 28.Qxf5 Qb7
29.Qg6+ Kd8 30.Qd6+ Ke8 31.Qg6+ Kd8 32.Qd6+  1/2-1/2

[Event "FSIMA July"]
[Site "Budapest HUN"]
[Date "2002.07.08"]
[Round "3"]
[White "Hajnal,Z"]
[Black "Suranyi,P"]
[Result "1-0"]
[WhiteElo "2377"]
[BlackElo "2188"]

1.e4 c5 2.Nf3 d6 3.d4 Nf6 4.Nc3 cxd4 5.Nxd4 a6 6.f3 Qb6 7.Nb3 e6 8.Qe2 Qc7
9.Be3 b5 10.g4 Nc6 11.Qf2 Rb8 12.g5 Nd7 13.f4 Na5 14.O-O-O Nc4 15.Ba7 Ra8
16.Bd4 Bb7 17.Bxc4 bxc4 18.Nd2 e5 19.Be3 exf4 20.Bxf4 Be7 21.Nf3 O-O 22.Qg3 Nc5
23.Rd4 Ne6 24.Bxd6 Qb6 25.Bxe7 Nxd4 26.Nxd4 Qxd4 27.Rd1 Qb6 28.Rd6 Qa5 29.Bxf8 Rxf8
30.h4 Re8 31.Qf4 Bc8 32.h5 h6 33.Rd5 hxg5 34.Rxg5 Rxe4 35.Qg3  1-0

[Event "Richard Aronow Mem"]
[Site "Philadelphia USA"]
[Date "2002.07.12"]
[Round "1"]
[White "Rogers,N"]
[Black "Chiong,L"]
[Result "0-1"]
[WhiteElo "2354"]
[BlackElo "2368"]

1.d4 Nf6 2.Nc3 c5 3.Nf3 cxd4 4.Nxd4 d6 5.e4 a6 6.f3 e5 7.Nb3 Be6 8.Be3 h5
9.Qd2 Nbd7 10.O-O-O Rc8 11.Kb1 Be7 12.h3 h4 13.Bd3 b5 14.Rhe1 Kf8 15.f4 Qc7
16.Rf1 Nb6 17.Bxb6 Qxb6 18.Nd5 Bxd5 19.exd5 e4 20.Be2 Re8 21.Na5 Nd7 22.Bg4 Nc5
23.Qb4 Bd8 24.Nc6 a5 25.Qe1 b4 26.Nxd8 Qxd8 27.Qe3 Qf6 28.Rfe1 g6 29.f5 gxf5
30.Rf1 Re5 31.Rd2 Qh6 32.Qxh6+ Rxh6 33.Rxf5 Rxf5 34.Bxf5 Rf6 35.Bg4 Rf1+
36.Rd1 Rf2 37.Kc1 f5 38.Bh5 Ke7 39.Rg1 f4 40.b3 Kf6 41.Kb2 Ke5 42.Bf7 e3
43.Bh5 Ne4  0-1

[Event "Richard Aronow Mem"]
[Site "Philadelphia USA"]
[Date "2002.07.13"]
[Round "2"]
[White "Kriventsov,S"]
[Black "Chiong,L"]
[Result "1-0"]
[WhiteElo "2443"]
[BlackElo "2368"]

1.e4 c5 2.Nf3 d6 3.d4 cxd4 4.Nxd4 Nf6 5.Nc3 a6 6.f3 e5 7.Nb3 Be6 8.Be3 Nbd7
9.g4 h6 10.Qd2 b5 11.a4 b4 12.Nd5 Bxd5 13.exd5 Nb6 14.Bxb6 Qxb6 15.a5 Qb7
16.Bc4 Nd7 17.Ra4 Rb8 18.Qe2 Ra8 19.Nd4 Nc5 20.Ra1 Be7 21.Nf5 g6 22.Ng3 Bh4
23.Kf1 Bxg3 24.hxg3 Kf8 25.Kg2 Kg7 26.Qd2 Rab8 27.Rh4 Qc7 28.b3 Qd8 29.c3 Qg5
30.Qxg5 hxg5 31.Rxh8 Kxh8 32.cxb4 Rxb4 33.Ra3 f5 34.gxf5 gxf5 35.Kf2 e4 36.f4 gxf4
37.gxf4 Kg7 38.Ke3 Kf6 39.Kd4 Rb8 40.Kc3 e3 41.Ra2 Ne4+ 42.Kd4 Nd2 43.Bxa6 Nxb3+
44.Kc3 Ra8 45.Kxb3 Rxa6 46.Kb4 Ra8 47.Re2 Re8 48.a6 Kg6 49.Kb5 Rb8+ 50.Kc6 Rb3
51.Ra2 Kf6 52.a7 e2 53.a8=Q e1=Q 54.Qf8+  1-0

[Event "TCh-POL Jun"]
[Site "Laczna POL"]
[Date "2002.07.15"]
[Round "1"]
[White "Butkiewicz,L"]
[Black "Mazurkiewicz,M"]
[Result "1/2-1/2"]
[WhiteElo "2040"]
[BlackElo "2073"]

1.e4 c5 2.Nf3 d6 3.d4 cxd4 4.Nxd4 Nf6 5.Nc3 a6 6.f3 e5 7.Nb3 Be6 8.Be3 Be7
9.Qd2 O-O 10.O-O-O b5 11.g4 b4 12.Nd5 Bxd5 13.exd5 a5 14.Kb1 Qc7 15.h4 Nfd7
16.g5 Nb6 17.h5 N8d7 18.g6 a4 19.Nc1 Nc4 20.Bxc4 Qxc4 21.Rdg1 b3 22.axb3 axb3
23.Nxb3 Qa4 24.Qg2 Bf6 25.Bg5 fxg6 26.hxg6 h6 27.Qh3 Nc5 28.Bxh6 Qa2+ 29.Kc1 Nxb3+
30.cxb3 Rac8+ 31.Kd1 Qxb3+ 32.Ke2 Qb5+ 33.Kf2 gxh6 34.Qxh6 Qxb2+ 35.Kg3 Rc7
36.Rc1 Qb7 37.Qh3 Re7 38.Rc6 Qb4 39.Rhc1 Qf4+ 40.Kg2 Qd2+ 41.Kg3 Qxd5 42.Rc8 e4
43.Rxf8+ Kxf8 44.Rc8+ Re8 45.Qh6+ Bg7 46.Rxe8+ Kxe8 47.Qxg7 Qg5+ 48.Kf2 Qd2+
49.Kg3 Qg5+ 50.Kf2 Qd2+ 51.Kg3  1/2-1/2

[Event "Richard Aronow Mem"]
[Site "Philadelphia USA"]
[Date "2002.07.15"]
[Round "4"]
[White "Adu,O"]
[Black "Chiong,L"]
[Result "0-1"]
[WhiteElo "2263"]
[BlackElo "2368"]

1.e4 c5 2.Nf3 d6 3.d4 cxd4 4.Nxd4 Nf6 5.Nc3 a6 6.f3 e6 7.Be3 Be7 8.Qd2 O-O
9.O-O-O Nc6 10.g4 Nxd4 11.Qxd4 Nd7 12.f4 b5 13.g5 Rb8 14.Qd2 b4 15.Ne2 Qa5
16.Kb1 Bb7 17.Bg2 Nc5 18.Ng3 Na4 19.Ka1 Nc3 20.bxc3 bxc3 21.Qd4 Bd5 22.exd5 e5
23.Qd3 Qa3 24.Rb1 Rb2 25.Qc4 Rfb8  0-1

[Event "Richard Aronow Mem"]
[Site "Philadelphia USA"]
[Date "2002.07.16"]
[Round "5"]
[White "Kriventsov,S"]
[Black "Najer,E"]
[Result "1-0"]
[WhiteElo "2443"]
[BlackElo "2585"]

1.e4 c5 2.Nf3 d6 3.d4 cxd4 4.Nxd4 Nf6 5.Nc3 a6 6.f3 e6 7.Be3 b5 8.g4 h6 9.Qd2 Nbd7
10.O-O-O Bb7 11.h4 b4 12.Na4 d5 13.Bh3 dxe4 14.g5 hxg5 15.hxg5 exf3 16.g6 Rxh3
17.Rxh3 Qa5 18.b3 Ne5 19.gxf7+ Kxf7 20.Qe1 Rc8 21.Kb1 Re8 22.Bd2 Qd5 23.Bf4 Qe4
24.Qxe4 Nxe4 25.Bxe5 Nf2 26.Rxf3+ Bxf3 27.Rf1  1-0

[Event "EuJun"]
[Site "Baku AZE"]
[Date "2002.07.17"]
[Round "4"]
[White "Mamedov,Rau"]
[Black "Teterev,V"]
[Result "1-0"]
[WhiteElo "2358"]
[BlackElo "2342"]

1.e4 c5 2.Nf3 d6 3.d4 cxd4 4.Nxd4 Nf6 5.Nc3 a6 6.f3 Qb6 7.Nb3 e6 8.Qe2 Nc6
9.Be3 Qc7 10.O-O-O b5 11.Qd2 Ne5 12.Bd3 Nc4 13.Bxc4 bxc4 14.Nd4 Rb8 15.e5 Qb7
16.b3 Nd5 17.Nxd5 Qxd5 18.exd6 Bxd6 19.Nc6 Qxc6 20.Qxd6 Qxd6 21.Rxd6 cxb3
22.axb3 O-O 23.Rhd1 Bb7 24.Rb6 Rfe8 25.Rd7 Bc8 26.Rd8 Rxd8 27.Rxb8 f6 28.c4 Kf7
29.Bb6 Rg8 30.Bc5 e5 31.Ra8 Rd8 32.b4 Ke6 33.b5 axb5 34.cxb5 Re8 35.b6 Kd7
36.Ra7+ Kc6 37.Rc7+ Kb5 38.Be3 Ba6 39.Rxg7 f5 40.Rxh7 f4 41.Bf2 Rg8 42.g3 fxg3
43.hxg3 Rf8 44.Rc7 Ka4 45.Ra7 Ka5 46.Be3 Kb5 47.Kd2 Rd8+ 48.Ke1 Rb8 49.Rc7 Bb7
50.Rc5+ Ka6 51.Rxe5 Bxf3 52.Re7 Rg8 53.Bf2 Rd8 54.Bc5 Rc8 55.Rc7 Rg8 56.Kf2 Bd5
57.Rd7 Bc6 58.Rf7 Bd5 59.Rf4 Be6 60.Rb4 Kb7 61.Be3 Bg4 62.Re4 Bd7 63.Re7 Kc6
64.Rf7 Bg4 65.Rc7+ Kb5 66.b7 Ka6 67.Bf4  1-0

[Event "Dutch Open"]
[Site "Dieren NED"]
[Date "2002.07.18"]
[Round "9"]
[White "Nijboer,F"]
[Black "L'Ami,E"]
[Result "0-1"]
[WhiteElo "2567"]
[BlackElo "2438"]

1.e4 c5 2.Nf3 d6 3.d4 cxd4 4.Nxd4 Nf6 5.Nc3 a6 6.f3 e5 7.Nb3 Be6 8.Be3 Nbd7
9.g4 b5 10.g5 b4 11.Ne2 Nh5 12.Qd2 a5 13.Ng3 Nxg3 14.hxg3 a4 15.Nc1 Qa5 16.f4 g6
17.Nd3 Bg7 18.a3 bxa3 19.Qxa5 Rxa5 20.Rxa3 O-O 21.Bg2 Rc8 22.Kd2 exf4 23.gxf4 Rb5
24.Rb1 Nb6 25.Bxb6 Rxb6 26.Bf3 h6 27.gxh6 Bxh6 28.c3 Rc4 29.Rh1 Kg7 30.Raa1 f5
31.Rae1 fxe4 32.Bxe4 d5 33.Bxg6 Kxg6 34.Ne5+ Kh7 35.Nxc4 dxc4 36.Kc1 Bf5
37.Re5 Bd3 38.Kd1 a3 39.Rxh6+ Kxh6 40.bxa3 Rb2 41.Rc5 Ra2 42.a4 Rxa4 43.Kd2 Ra2+  0-1

[Event "24th Politiken Cup"]
[Site "Copenhagen DEN"]
[Date "2002.07.19"]
[Round "5"]
[White "Olsson,T"]
[Black "Carstensen,J"]
[Result "0-1"]
[WhiteElo "2109"]
[BlackElo "2246"]

1.e4 c5 2.d4 cxd4 3.Nf3 d6 4.Nxd4 Nf6 5.Nc3 a6 6.f3 e5 7.Nb3 Be7 8.Be3 O-O
9.Qd2 Be6 10.O-O-O b5 11.g4 b4 12.Nd5 Bxd5 13.exd5 a5 14.Kb1 Qc7 15.h4 a4
16.Nc1 Ra5 17.Qxb4 Nxd5 18.Rxd5 Rxd5 19.Bd3 Nd7 20.Bxh7+ Kh8 21.Bd3 Ra5 22.g5 Rb8
23.Qg4 Nf8 24.h5 e4 25.h6 g6 26.Qxe4 Kh7 27.f4 d5 28.Qe5 Qxe5 29.fxe5 Ne6
30.Rf1 Rf8 31.Ne2 d4 32.Nxd4 Rxe5 33.Nxe6 fxe6 34.Rxf8 Bxf8 35.Bd2 Be7 36.c4 Bxg5
37.Bc3 Re3 38.Kc2 Rh3 39.Bd4 Rh2+ 40.Kc3 Bd2+ 41.Kc2  0-1

[Event "TCh-POL Jun"]
[Site "Laczna POL"]
[Date "2002.07.20"]
[Round "7"]
[White "Butkiewicz,L"]
[Black "Moranda,W"]
[Result "0-1"]
[WhiteElo "2040"]
[BlackElo "2211"]

1.e4 c5 2.Nf3 d6 3.d4 cxd4 4.Nxd4 Nf6 5.Nc3 a6 6.f3 e6 7.Be3 b5 8.g4 h6 9.Qd2 Bb7
10.O-O-O Nbd7 11.h4 Nb6 12.Bd3 Nfd7 13.g5 Ne5 14.Rhg1 hxg5 15.hxg5 Nbc4 16.Bxc4 Nxc4
17.Qd3 g6 18.Rh1 Rxh1 19.Rxh1 Bg7 20.Rh7 Kf8 21.f4 Nxe3 22.Qxe3 Kg8 23.Rh3 Qb6
24.Nb3 Qxe3+ 25.Rxe3 Rc8 26.Nd1 e5 27.f5 gxf5 28.exf5 f6 29.Rg3 fxg5 30.Rxg5 Kf7
31.Rg6 Bf6 32.Ne3 Rg8 33.Rxg8 Kxg8 34.Kd2 Bg5 35.Ke2 Kf7 36.c3 Kf6 37.Kf2 Be4
38.Ke2 Bxe3 39.Kxe3 Bd5 40.Nc1 a5 41.a3 Bc4 42.b3 Bf7 43.Ke4 Bg8 44.Kf3 Kxf5
45.Ke3 Bd5 46.Ke2 a4 47.b4 Ke4 48.Kd2 Bc4 49.Ke1 Ke3 50.Kd1 Kf2  0-1

[Event "Battle of Senta Open"]
[Site "Senta YUG"]
[Date "2002.07.20"]
[Round "2"]
[White "Farkas,Ti"]
[Black "Manojlovic,Sa"]
[Result "1-0"]
[WhiteElo "2336"]
[BlackElo "2166"]

1.e4 c5 2.Nf3 d6 3.d4 cxd4 4.Nxd4 Nf6 5.Nc3 a6 6.f3 e5 7.Nb3 Be6 8.Be3 Nbd7
9.Qd2 Be7 10.g4 Qc7 11.O-O-O O-O 12.h4 Nb6 13.h5 Nfd7 14.g5 Rac8 15.g6 d5
16.Qh2 Nf6 17.Bxb6 Qxb6 18.exd5 Rxc3 19.dxe6 fxe6 20.bxc3 Ba3+ 21.Kb1 Qc7
22.Rd3 a5 23.Bh3 Re8 24.Re1 a4 25.Qxe5 Qb6 26.Bxe6+ Kh8 27.h6 axb3 28.axb3  1-0

[Event "Lasker Mem Open"]
[Site "Barlinek POL"]
[Date "2002.07.22"]
[Round "4"]
[White "Andreev,Ed"]
[Black "Senff,M"]
[Result "1-0"]
[WhiteElo "2463"]
[BlackElo "2464"]

1.e4 c5 2.Nf3 d6 3.d4 cxd4 4.Nxd4 Nf6 5.Nc3 a6 6.f3 e5 7.Nb3 Be6 8.Be3 Nbd7
9.Qd2 b5 10.g4 Nb6 11.Qf2 Nfd7 12.O-O-O Be7 13.Kb1 O-O 14.h4 Qc7 15.Nd5 Bxd5
16.exd5 Nc4 17.Bd3 a5 18.Nd2 Nxe3 19.Qxe3 Rab8 20.Ne4 Rfe8 21.g5 Qb6 22.Qe2 Rec8
23.h5 a4 24.c3 a3 25.b3 Bf8 26.Rdg1 Nc5 27.g6 fxg6 28.hxg6 h6 29.Nxc5 Qxc5
30.Bf5 Rc7 31.Be6+ Kh8 32.Rc1 Qa7 33.Qd2 Rc5 34.f4 b4 35.c4 Rc7 36.fxe5 dxe5
37.d6 Rc6 38.Rcf1  1-0

[Event "Lasker Mem Open"]
[Site "Barlinek POL"]
[Date "2002.07.22"]
[Round "4"]
[White "Miroshnichenko,E"]
[Black "Voitsekhovsky,S"]
[Result "0-1"]
[WhiteElo "2525"]
[BlackElo "2511"]

1.e4 c5 2.Nf3 d6 3.d4 cxd4 4.Nxd4 Nf6 5.Nc3 a6 6.f3 e5 7.Nb3 Be6 8.Be3 Be7
9.Qd2 Nbd7 10.g4 O-O 11.O-O-O Qc7 12.Kb1 Rfc8 13.g5 Nh5 14.Nd5 Bxd5 15.exd5 Nb6
16.Na5 Nf4 17.Bxf4 exf4 18.Bh3 Re8 19.Qxf4 Bf8 20.Bf5 g6 21.Be4 Bg7 22.c4 Na4
23.b4 Nc3+ 24.Kc2 Qd7 25.Kd3 Qa4 26.Rb1 b6 27.Nc6 b5 28.Rbc1 bxc4+ 29.Kd2 Nxd5
30.Qxd6 Qxa2+ 31.Ke1 Bc3+  0-1

[Event "EuJun"]
[Site "Baku AZE"]
[Date "2002.07.23"]
[Round "10"]
[White "Mastrovasilis,D"]
[Black "Gasanov,E"]
[Result "0-1"]
[WhiteElo "2462"]
[BlackElo "2471"]

1.e4 c5 2.Nf3 d6 3.d4 Nf6 4.Nc3 cxd4 5.Nxd4 a6 6.Be3 Ng4 7.Bc1 Nf6 8.f3 Qb6
9.Nb3 e6 10.Qe2 Qc7 11.Be3 b5 12.O-O-O Bb7 13.g4 b4 14.Na4 Nbd7 15.g5 Nh5
16.Qf2 Be7 17.Nb6 Nxb6 18.Bxb6 Bxg5+ 19.Kb1 Qe7 20.e5 Bf4 21.exd6 Bxd6 22.Na5 Bd5
23.Bc4 O-O 24.Bxd5 exd5 25.Rxd5 Nf4 26.Rd2 Rac8 27.Re1 Ne6 28.Nb3 Bf4 29.Rd4 Bb8
30.Ba5 Ba7 31.Qh4 Qxh4 32.Rxh4 Bf2 33.Ree4 Bxh4 34.Rxh4 Ng5 35.Rf4 Rfe8 36.Bxb4 Re2
37.Nd4 Rxh2 38.c3 h5 39.Nf5 Rd8 40.a4 Rd1+ 41.Ka2 Rdd2 42.Ba3 Rd3 43.c4 Rxf3
44.Rxf3 Nxf3 45.c5 Ne5 46.Ne7+ Kh7 47.Kb3 h4 48.c6 Nxc6 49.Nxc6 h3 50.Bd6 Rd2
51.Bf4 Rf2 52.Bc7 g5 53.a5 f5 54.Nd4 f4 55.Ne6 h2 56.Nxg5+ Kg6  0-1

[Event "Lost Boys Open"]
[Site "Amsterdam NED"]
[Date "2002.07.27"]
[Round "2"]
[White "Van Wely,L"]
[Black "Van Blitterswijk,S"]
[Result "1-0"]
[WhiteElo "2645"]
[BlackElo "2394"]

1.e4 c5 2.Nf3 d6 3.d4 cxd4 4.Nxd4 Nf6 5.Nc3 a6 6.f3 e5 7.Nb3 Be6 8.Be3 Be7
9.Qd2 O-O 10.O-O-O b5 11.g4 b4 12.Na4 Nbd7 13.Qxb4 d5 14.Bc5 Nxc5 15.Naxc5 Qc8
16.Qb6 dxe4 17.Nxe6 fxe6 18.Qe3 exf3 19.Qxf3 Nd5 20.Qe4 Rf4 21.Qxe5 Bf6 22.Qe1 Nb4
23.Bd3 Rxg4 24.Kb1 Nxd3 25.Rxd3 a5 26.Qe2 Rb4 27.c3 Rb6 28.Rhd1 a4 29.Nd2 Rab8
30.Nc4 Qxc4 31.Rd8+ Bxd8 32.Qxc4 Rxb2+ 33.Ka1 Bf6 34.Re1 h6 35.Qxe6+ Kh7
36.Qe4+ Kg8 37.Qxa4 Kh7 38.Qe4+ Kg8 39.Qc4+ Kh7 40.Qd3+ Kg8 41.Re8+  1-0

[Event "2nd Summer Open"]
[Site "Savaria HUN"]
[Date "2002.07.31"]
[Round "8"]
[White "Vajda,Al"]
[Black "Magony,T"]
[Result "1-0"]
[WhiteElo "2395"]
[BlackElo "2172"]

1.e4 c5 2.Nf3 d6 3.d4 cxd4 4.Nxd4 Nf6 5.Nc3 a6 6.f3 e5 7.Nb3 Be6 8.Be3 Be7
9.Qd2 Nc6 10.Nd5 Bxd5 11.exd5 Nb8 12.g4 h6 13.Rg1 Nfd7 14.O-O-O Bg5 15.Kb1 Nf8
16.f4 exf4 17.Bd4 Ng6 18.Bxg7 Rg8 19.Re1+ Ne7 20.Bc3 Nd7 21.Qf2 Rc8 22.h4 Rxc3
23.hxg5 Rxb3 24.axb3 hxg5 25.Bd3 Ne5 26.Be4 Qa5 27.Qa7 Qc7 28.c4 Kd7 29.c5 Rb8
30.Rc1 Ke8 31.Rh1 N5g6 32.c6 Kf8 33.Rh5  1-0

[Event "ch-GBR"]
[Site "Torquay ENG"]
[Date "2002.07.31"]
[Round "3"]
[White "Haslinger,S"]
[Black "Gormally,D"]
[Result "1-0"]
[WhiteElo "2310"]
[BlackElo "2525"]

1.e4 c5 2.Nf3 d6 3.d4 cxd4 4.Nxd4 Nf6 5.Nc3 a6 6.f3 e6 7.Be3 b5 8.g4 h6 9.Qd2 Nbd7
10.O-O-O Bb7 11.h4 b4 12.Na4 Qa5 13.b3 Nc5 14.a3 Rc8 15.axb4 Nxb3+ 16.Nxb3 Qxa4
17.Kb2 d5 18.c3 dxe4 19.Ra1 Qd7 20.Qxd7+ Nxd7 21.Na5 Bd5 22.Bxa6 Rb8 23.fxe4 Bxe4
24.Rhe1 Bd5 25.Bf4 Rb6 26.Bc4 Bf3 27.Bc7 Rxb4+ 28.cxb4 Bxb4 29.Re3 Bg2 30.Rb3 Be7
31.Rd1 Bxh4 32.Rbd3 Bf6+ 33.Ka2 O-O 34.Rxd7 Bf3 35.Rg1 Ra8 36.Kb3 Ra7 37.Bb5 Bd5+
38.Kc2 Be4+ 39.Kd2 Bg5+ 40.Ke2 Ra8 41.Rf1 Bg6 42.Bc6 Rf8 43.Nc4 f6 44.Nd6  1-0

[Event "Lost Boys Open"]
[Site "Amsterdam NED"]
[Date "2002.08.02"]
[Round "8"]
[White "Nijboer,F"]
[Black "Sadvakasov,D"]
[Result "1-0"]
[WhiteElo "2567"]
[BlackElo "2534"]

1.e4 c5 2.Nf3 d6 3.d4 cxd4 4.Nxd4 Nf6 5.Nc3 a6 6.f3 e5 7.Nb3 Be6 8.Be3 Nbd7
9.g4 b5 10.g5 b4 11.Ne2 Nh5 12.Qd2 a5 13.Ng3 Nxg3 14.hxg3 a4 15.Nc1 Qa5 16.f4 g6
17.Nd3 Bg7 18.a3 bxa3 19.Qxa5 Rxa5 20.Rxa3 f5 21.gxf6 Nxf6 22.Bg2 O-O 23.fxe5 Ng4
24.Bd2 Rb5 25.exd6 Bxb2 26.Rxa4 Be5 27.Bf4 Bc3+ 28.Ke2 g5 29.Bd2 Be5 30.Bh3 h5
31.c4 Rb3 32.Nxe5 Rf2+ 33.Kd1 Rb1+ 34.Kc2 Rxh1 35.Bxg4 hxg4 36.c5 Rf3 37.d7 Bxd7
38.Nxd7 Rxg3 39.c6 Kf7 40.c7 Rh8 41.Nb6 Rf3 42.Ra8  1-0